Statistics for Countries Bordering Guinea

Click here to take the quiz!

General Stats

  • This quiz has been taken 66 times
    (47 since last reset)
  • The average score is 6 of 6

Answer Stats

Country% Correct
Guinea Bissau
95%
Mali
95%
Senegal
95%
Liberia
93%
Sierra Leone
93%
Cote d'Ivoire
86%

Score Distribution

Percentile by Number Answered

Percent of People with Each Score

Your Score History

You have not taken this quiz since the last reset